Innovation and growth what do we know /

Bibliographic Details
Corporate Author: ProQuest (Firm)
Other Authors: Thakor, Anjan V.
Format: Electronic eBook
Language:English
Published: Singapore : World Scientific, 2013.
Subjects:
Online Access:Click to View
LEADER 01239nam a2200349Ia 4500
001 EBC1193555
003 MiAaPQ
005 20200520144314.0
006 m o d |
007 cr cn|||||||||
008 880913s2013 si sb 001 0 eng d
020 |z 9789814343534 
020 |z 9789814343558 
035 |a (MiAaPQ)EBC1193555 
035 |a (Au-PeEL)EBL1193555 
035 |a (CaPaEBR)ebr10700729 
035 |a (CaONFJC)MIL486895 
035 |a (OCoLC)843873457 
040 |a MiAaPQ  |c MiAaPQ  |d MiAaPQ 
050 4 |a HD30.28  |b .I56 2013 
082 0 4 |a 658.4012  |2 23 
245 0 0 |a Innovation and growth  |h [electronic resource] :  |b what do we know /  |c Anjan Thakor, editor. 
260 |a Singapore :  |b World Scientific,  |c 2013. 
300 |a xviii, 190 p.  
504 |a Includes bibliographical references and index. 
533 |a Electronic reproduction. Ann Arbor, MI : ProQuest, 2015. Available via World Wide Web. Access may be limited to ProQuest affiliated libraries. 
650 0 |a Business planning. 
650 0 |a Organizational change. 
655 4 |a Electronic books. 
700 1 |a Thakor, Anjan V. 
710 2 |a ProQuest (Firm) 
856 4 0 |u https://ebookcentral.proquest.com/lib/matrademy/detail.action?docID=1193555  |z Click to View